000 00908nam a22002177a 4500
999 _c10780
_d10780
003 FranzMayer
005 20190828133321.0
008 190828b ||||| |||| 00| 0 eng d
040 _cFranz
100 _aEngel, Ludovico
_928343
245 _aCollegium Universi Juris Canonici /
_cauctore P. Ludovico Engel; annotationes Caspari Barthel.
260 _aBaglioni (Venecia, Italia):
_c1760.
300 _a1 v. (en varias paginaciones);
_c37 x 23 cm.
500 _aEstado físico: en mal estado. Se encuentra en el Área de Restauración.
650 _aCorpus iuris canonici
_xDecretales
_yObras anteriores a 1800
_928344
650 _aMonacato y órdenes religiosas (Derecho canónico)
_yObras anteriores a 1800
_928345
650 _aSacerdotes
_yObras anteriores a 1800
_928346
650 _aDerecho canónico
_yObras anteriores a 1800
_922085
700 _aBarthel, Caspari
_928347
942 _2lcc
_cB